Encyclopaedia universalis.

Bibliographic Details
Format: Book
Language:French
Published: Paris : Encyclopaedia Universalis France, [1968-]
Subjects:

MARC

Tag First Indicator Second Indicator Subfields
LEADER 00000cam a2200000 4500
001 in00000327821
005 20151011050240.0
008 721228m19689999fr abc d 00000 fre d
035 |a (OCoLC)00526054 
035 |9 ABJ9772AM 
040 |c OUN  |d TXA  |d UtOrBLW 
049 |a TXAF  |v 1 [922491]  |v 2 [922492]  |v 3 [922493]  |v 4 [922494]  |v 5 [922495]  |v 6 [922496]  |v 7 [922497]  |v 8 [922498]  |v 9 [922499]  |v 10 [922500]  |v 11 [922501]  |v 12 [922502]  |v 13 [922503]  |v 14 [922504]  |v 15 [922505]  |v 16 [1134233]  |v 17 [1134234]  |v 18 [1135685]  |v 19 [1135978]  |v 20 [1135979] 
090 |a AE25  |b .E66 
245 0 0 |a Encyclopaedia universalis. 
264 1 |a Paris :  |b Encyclopaedia Universalis France,  |c [1968-] 
264 4 |c [©1968-] 
300 |a  volumes :  |b illustrations (part color) maps (part color) portraits 
336 |a text  |b txt  |2 rdacontent 
337 |a unmediated  |b n  |2 rdamedia 
338 |a volume  |b nc  |2 rdacarrier 
650 0 |a Encyclopedias and dictionaries, French. 
999 |a MARS 
999 f f |s 9f5818f7-1652-3b90-9b14-f5ade01b6365  |i 1520be27-3d7d-3710-9e9e-d7da1ce6dbe0  |t 0 
952 f f |p ric  |a Texas A&M University  |b Rellis Campus  |c Joint Library Facility  |d Remote Storage  |t 0  |e AE25 .E66  |h Library of Congress classification  |i unmediated -- volume  |k v.13:Physique-Regionalisme  |m A14805863638 
952 f f |p ric  |a Texas A&M University  |b Rellis Campus  |c Joint Library Facility  |d Remote Storage  |t 0  |e AE25 .E66  |h Library of Congress classification  |i unmediated -- volume  |k v.16:Therapeutique-Zygophycees  |m A14805863662 
952 f f |p ric  |a Texas A&M University  |b Rellis Campus  |c Joint Library Facility  |d Remote Storage  |t 0  |e AE25 .E66  |h Library of Congress classification  |i unmediated -- volume  |k v.20:Thesaurus/Plann-Zyria  |m A14805863701 
952 f f |p ric  |a Texas A&M University  |b Rellis Campus  |c Joint Library Facility  |d Remote Storage  |t 0  |e AE25 .E66  |h Library of Congress classification  |i unmediated -- volume  |k v.17:Organum  |m A14805863670 
952 f f |p ric  |a Texas A&M University  |b Rellis Campus  |c Joint Library Facility  |d Remote Storage  |t 0  |e AE25 .E66  |h Library of Congress classification  |i unmediated -- volume  |k v.5:Cortes-Elasticite  |m A14805863557 
952 f f |p ric  |a Texas A&M University  |b Rellis Campus  |c Joint Library Facility  |d Remote Storage  |t 0  |e AE25 .E66  |h Library of Congress classification  |i unmediated -- volume  |k v.19:Thesaurus/Gassi-Plani  |m A14805863696 
952 f f |p ric  |a Texas A&M University  |b Rellis Campus  |c Joint Library Facility  |d Remote Storage  |t 0  |e AE25 .E66  |h Library of Congress classification  |i unmediated -- volume  |k v.18:Thesaurus/A-Gassendi  |m A14805863688 
952 f f |p ric  |a Texas A&M University  |b Rellis Campus  |c Joint Library Facility  |d Remote Storage  |t 0  |e AE25 .E66  |h Library of Congress classification  |i unmediated -- volume  |k v.14:Regulation-Smith  |m A14805863646 
952 f f |p ric  |a Texas A&M University  |b Rellis Campus  |c Joint Library Facility  |d Remote Storage  |t 0  |e AE25 .E66  |h Library of Congress classification  |i unmediated -- volume  |k v.10:Lithium-Migrants  |m A14805863604 
952 f f |p ric  |a Texas A&M University  |b Rellis Campus  |c Joint Library Facility  |d Remote Storage  |t 0  |e AE25 .E66  |h Library of Congress classification  |i unmediated -- volume  |k v.2:Anneaux-Baroque  |m A14805863523 
952 f f |p ric  |a Texas A&M University  |b Rellis Campus  |c Joint Library Facility  |d Remote Storage  |t 0  |e AE25 .E66  |h Library of Congress classification  |i unmediated -- volume  |k v.12:OEdipe-Physique  |m A14805863620 
952 f f |p ric  |a Texas A&M University  |b Rellis Campus  |c Joint Library Facility  |d Remote Storage  |t 0  |e AE25 .E66  |h Library of Congress classification  |i unmediated -- volume  |k v.15:Smollett-Theosophie  |m A14805863654 
952 f f |p ric  |a Texas A&M University  |b Rellis Campus  |c Joint Library Facility  |d Remote Storage  |t 0  |e AE25 .E66  |h Library of Congress classification  |i unmediated -- volume  |k v.1:Aalto-Anneaux  |m A14805863515 
952 f f |p ric  |a Texas A&M University  |b Rellis Campus  |c Joint Library Facility  |d Remote Storage  |t 0  |e AE25 .E66  |h Library of Congress classification  |i unmediated -- volume  |k v.7:Finalite-Grece  |m A14805863573 
952 f f |p ric  |a Texas A&M University  |b Rellis Campus  |c Joint Library Facility  |d Remote Storage  |t 0  |e AE25 .E66  |h Library of Congress classification  |i unmediated -- volume  |k v.11:Migrations-OEdipe  |m A14805863612 
952 f f |p ric  |a Texas A&M University  |b Rellis Campus  |c Joint Library Facility  |d Remote Storage  |t 0  |e AE25 .E66  |h Library of Congress classification  |i unmediated -- volume  |k v.9:Interferences-Liszt  |m A14805863599 
952 f f |p ric  |a Texas A&M University  |b Rellis Campus  |c Joint Library Facility  |d Remote Storage  |t 0  |e AE25 .E66  |h Library of Congress classification  |i unmediated -- volume  |k v.3:Barrages-Causalite  |m A14805863531 
952 f f |p ric  |a Texas A&M University  |b Rellis Campus  |c Joint Library Facility  |d Remote Storage  |t 0  |e AE25 .E66  |h Library of Congress classification  |i unmediated -- volume  |k v.4:Cavafy-Cortazar  |m A14805863549 
952 f f |p ric  |a Texas A&M University  |b Rellis Campus  |c Joint Library Facility  |d Remote Storage  |t 0  |e AE25 .E66  |h Library of Congress classification  |i unmediated -- volume  |k v.6:Elasomeres-Film D'art  |m A14805863565 
952 f f |p ric  |a Texas A&M University  |b Rellis Campus  |c Joint Library Facility  |d Remote Storage  |t 0  |e AE25 .E66  |h Library of Congress classification  |i unmediated -- volume  |k v.8:Greco-Interet  |m A14805863581 
998 f f |a AE25 .E66  |s v.1-v.20  |t 0  |l Remote Storage